000 00416nam a2200133 a 4500
001 ASIN8121923255
005 20140713201038.0
008 140714s2011 xxu eng d
100 1 _aKhanna, V.K.
245 1 0 _aDigital signal processing :
_cV.K. Khanna.
260 _a[S.l.] :
_bS Chand & Co Ltd,
_c2011.
300 _a319 p. ;
_c24 cm.
856 4 0 _3Amazon.com
_uhttp://www.amazon.com/exec/obidos/ASIN/chopaconline-20
999 _c7915
_d7915